Normal view
MARC view
- Welding Materials
Entry Topical Term
001 - CONTROL NUMBER
- control field: 107078
003 - CONTROL NUMBER IDENTIFIER
- control field: NUST
005 - DATE AND TIME OF LATEST TRANSACTION
- control field: 20230119121626.0
008 - FIXED-LENGTH DATA ELEMENTS
- fixed length control field: 230119|| aca||aabn | a|a d
040 ## - CATALOGING SOURCE
- Original cataloging agency: NUST
- Transcribing agency: NUST
150 ## - HEADING--TOPICAL TERM
- Topical term or geographic name entry element: Welding Materials
670 ## - SOURCE DATA FOUND
- Source citation: Work cat.: (NUST)190842: Kaminsky,S.J. 107077, Handbook for welding and fabricating thermoplastic materials /, 1964
